Seasonal dynamics of the dusky cockroach Ectobius lapponicus (Blattodea, Blattellidae) in the eastern part of the Czech Republic

Bibliographic Details
Main Authors: Holuša, Jaroslav, 1970- (Author), Kočárek, Petr (Author)
Format: Article
Language:Slovak
English
PhysicalDescription:Graf
ISSN:0006-3088
Subjects:

MARC

LEADER 00000nab a2200000 a 4500
001 vtls000750980
003 SK-MaSNL
005 20260305035626.0
008 250429c2000 xo 0 slo
015 |a SNBRB2001/04-10405 
035 |a CLN000102775 
035 |a urn:nbn:sk:snk-abbu4w 
035 |a (urnnbn)urn:nbn:sk:snk:ar-000to0 
035 |a (uuid)a332c0dc-75b3-4961-82f4-51e884e2dbe8 
040 |a SNKBUCL  |b slo  |c SNKBUCL  |e AACR2 
041 0 |a eng 
044 |a xo  |c SK 
080 |a 595.722(437.1/.2):57.06  |2 1997 
100 1 |a Holuša, Jaroslav,  |d 1970-  |4 aut  |9 20383 
245 1 0 |a Seasonal dynamics of the dusky cockroach Ectobius lapponicus (Blattodea, Blattellidae) in the eastern part of the Czech Republic  |c Jaroslav Holuša, Petr Kočárek 
300 |b Graf 
504 |a Res. angl. 
504 |a Bibliogr. odkazy 
650 0 7 |a Ectobius lapponicus  |2 snkbucl  |9 1618352 
650 0 7 |a životný cyklus  |2 snkbucl  |9 477663 
650 0 7 |a vývojové štádiá hmyzu  |2 snkbucl  |9 259351 
650 0 7 |a ročné obdobia  |2 snkbucl  |9 110676 
650 0 7 |a špecifickosť druhová  |2 snkbucl  |9 855823 
650 0 7 |a klasifikácia  |x metódy  |2 snkbucl  |9 846513 
650 0 7 |a ekológia  |2 snkbucl  |9 785 
650 0 7 |a Blattellidae  |2 snkbucl  |9 1618353 
651 7 |a Česko  |2 snkbucl  |9 16753 
655 7 |a články z novín a časopisov  |2 snkbucl  |9 267496 
700 1 |a Kočárek, Petr  |4 aut  |9 1138383 
773 0 |t Biologia  |g Roč. 55, č. 5 (2000), 483-486  |x 0006-3088 
850 |a Slovenská národná knižnica 
852 |a Slovenská národná knižnica 
954 |a odborná, vedecká literatúra cudzojazyčná (svetová)  |2 lita 
958 |a article15 
958 |a CZ 
958 |a NB 
958 |a OND 
958 |a EUIPO 
992 |a RBX 
999 |c 3334913  |d 3336843